Estadísticas para Mafalda - Opción Múltiple #2 (Versión difícil)

Haz click aquí para intentar la prueba.

Estadísticas generales

  • Esta prueba ha sido intentada 9 veces
  • La puntuación promedio es 16 de 24

Estadísticas de respuestas

PreguntaRespuesta% Correcto
Sentimiento que provocan en Felipe las clases escolaresAngustia
100%
Frase en francés aprendida -trabajosamente- por LibertadBonyur Madmuasel
89%
Amor platónico de GuilleBrigitte Bardot
89%
Respuesta dada por Manolito en examen de HistoriaJuan de los Palotes
89%
Término de significado incierto creado por MafaldaPichiruchi
89%
Slogan de Almacén "Don Manolo"Vende baratísimo
89%
Símbolo químico del uranio, según ManolitoPum
78%
Secretario de la UN admirado por MafaldaU Thant
78%
Zapatero del barrio de MafaldaDon Basilio
67%
¿Qué llevan los Reyes Magos en sus alforjas, según Mafalda?Fusibles
67%
Animal mutante creado por GuilleGatolupa
67%
Profesora de piano de Raquel (mamá de Mafalda)Giambartoli
67%
Gaseosa preferida por MiguelitoPepsi
67%
Producto de limpieza (vendido por Manolito) que -según propaganda- "se come la mugrecita"Savonex
67%
¿Cuál de las siguientes frases es de Susanita?¡Te hice morder el polvo de la derrot...!
67%
Marca del grabador del tío de MiguelitoKashubuki
56%
Cuento contado hasta el hartazgo por SusanitaLa Cenicienta
56%
¿Cuál de estas NO es una de las excusas que Miguelito da a su maestra?Mi perro se comió la tarea
56%
Alimento brindado por la NASA a Felipe durante un vuelo espacial (imaginario)Pechuga de pavita con champignons
56%
Durante el servicio militar, el papá de Mafalda NO conoció aSargento Reinaudi
56%
Solución planteada por Manolito para la sobrepoblación de la TierraEscopeta
44%
¿Con quién compara Mafalda a Felipe durante un juego de cowboys?José María Pemán
44%
Jáuregui, Licastro, Nardone...Pitti
44%
Compañero de vaca de LibertadFelipe
33%

Distribución de puntuación

Porcentaje por número respondido

Porcentaje de gente con cada puntuación

Historial de tus puntuaciones

No has intentado esta prueba.